Ville de Seine Saint Denis - Statistiques

Statistiques générales
  • Ce quiz a été pris 61 fois
  • Le résultat moyen est 22 sur 40
Statistiques - réponses
Réponse % Correct
Saint Denis
95%
Aubervilliers
90%
Bondy
83%
Montreuil
83%
Bobigny
78%
Pantin
73%
Sevran
73%
Aulnay Sous Bois
71%
La Courneuve
68%
Saint Ouen
68%
Drancy
66%
Noisy le Grand
66%
Noisy le Sec
66%
Rosny Sous Bois
66%
Bagnolet
61%
Romainville
61%
Stains
61%
Gagny
59%
Tremblay en France
59%
Villepinte
59%
Clichy Sous Bois
56%
Le Bourget
56%
Le Blanc Mesnil
54%
Le Raincy
54%
Livry Gargan
54%
Les Lilas
49%
Montfermeil
49%
Epinay sur Seine
46%
Villemomble
46%
Neuilly Plaisance
41%
Villetaneuse
41%
Neuilly Sur Marne
37%
Dugny
34%
Le Pré Saint Gervais
32%
Vaujours
32%
Pavillons Sous Bois
27%
Gournay Sur Marne
22%
Pierrefitte sur Seine
22%
Coubron
20%
l'Ile Saint Denis
20%
Aucun quiz correspondant
Distribution des résultats
% des personnes avec chaque résultat
Percentile par nombre de réponses
Votre historique - résultats
Vous n’avez pas pris ce quiz